Loading...
| Fine Arts - Painting and Sculpture | 0 | 7 | 1 | 0 | 65 | 28 | 60.71 | 2 | 4 |
| Fine Arts - Classical Music | 0 | 6 | 0 | 0 | 60 | 68 | 98.83 | 0 | 2 |
| History - European History | 0 | 6 | 0 | 2 | 60 | 91 | 108.00 | 0 | 1 |
| History - American History | 0 | 5 | 0 | 1 | 50 | 68 | 93.40 | 0 | 0 |
| History - Other History | 0 | 4 | 0 | 0 | 40 | 93 | 119.00 | 0 | 0 |
| Fine Arts - Other Fine Arts | 0 | 4 | 1 | 2 | 35 | 29 | 89.75 | 2 | 2 |
| Literature - British Literature | 0 | 3 | 0 | 1 | 30 | 78 | 114.33 | 0 | 0 |
| Literature - American Literature | 0 | 3 | 0 | 0 | 30 | 106 | 115.67 | 0 | 0 |
| Literature - European Literature | 0 | 3 | 0 | 1 | 30 | 110 | 125.00 | 0 | 0 |
| Religion | 0 | 3 | 1 | 0 | 25 | 53 | 85.67 | 0 | 0 |
| History - World History | 0 | 3 | 1 | 0 | 25 | 52 | 80.33 | 0 | 1 |
| Philosophy | 0 | 2 | 0 | 0 | 20 | 95 | 103.50 | 0 | 0 |
| Geography | 0 | 2 | 0 | 0 | 20 | 95 | 97.00 | 0 | 0 |
| Science - Other Science | 0 | 2 | 0 | 0 | 20 | 91 | 91.50 | 0 | 2 |
| Literature - World Literature | 0 | 2 | 0 | 1 | 20 | 113 | 131.50 | 0 | 0 |
| Social Science | 0 | 1 | 0 | 0 | 10 | 123 | 123.00 | 0 | 0 |
| Pop Culture | 0 | 1 | 0 | 0 | 10 | 111 | 111.00 | 1 | 1 |
| Science - Chemistry | 0 | 1 | 0 | 0 | 10 | 120 | 120.00 | 0 | 0 |
| Science - Physics | 0 | 0 | 1 | 0 | -5 | 0.00 | 0 | 0 | |
| Current Events | 0 | 0 | 1 | 0 | -5 | 0.00 | 0 | 0 |